| Tag |
First Indicator |
Second Indicator |
Subfields |
| LEADER |
00000cam a2200000 a 4500 |
| 001 |
in00001288198 |
| 005 |
20151004093228.0 |
| 008 |
960613s1996 nyua b 001 0 eng d |
| 010 |
|
|
|a 95061824
|
| 020 |
|
|
|a 0500016933 :
|c $27.50
|
| 035 |
|
|
|a (OCoLC)34922964
|
| 035 |
|
|
|9 AGZ8007AM
|
| 040 |
|
|
|a SP6
|c SP6
|d MNM
|d TXA
|d UtOrBLW
|
| 049 |
|
|
|a TXAM
|
| 090 |
|
|
|a TP640
|b .C64 1996
|
| 100 |
1 |
|
|a Coe, Sophie D.
|q (Sophie Dobzhansky),
|d 1933-1994.
|
| 245 |
1 |
4 |
|a The true history of chocolate /
|c Sophie D. Coe and Michael D. Coe.
|
| 264 |
|
1 |
|a New York :
|b Thames and Hudson,
|c 1996.
|
| 300 |
|
|
|a 280 pages :
|b illustrations (some color) ;
|c 24 cm.
|
| 336 |
|
|
|a text
|b txt
|2 rdacontent
|
| 337 |
|
|
|a unmediated
|b n
|2 rdamedia
|
| 338 |
|
|
|a volume
|b nc
|2 rdacarrier
|
| 500 |
|
|
|a "With 97 illustrations, 13 in color."--Tp.
|
| 650 |
|
0 |
|a Chocolate
|x History.
|
| 700 |
1 |
|
|a Coe, Michael D.
|
| 999 |
|
|
|a MARS
|
| 999 |
f |
f |
|s 2654794d-8f0e-3b82-924a-1042507fb37a
|i 0d48c625-c14b-3b4d-b27c-d44f0bb9b89b
|t 0
|
| 952 |
f |
f |
|p normal
|a Texas A&M University
|b Galveston Campus
|c Jack K. Williams Library
|d Galveston Stacks
|t 0
|e TP640 .C67 1996
|h Library of Congress classification
|i unmediated -- volume
|m 33620000904272
|
| 952 |
f |
f |
|p normal
|a Texas A&M University
|b College Station
|c Sterling C. Evans Library
|d Evans: Library Stacks
|t 0
|e TP640 .C64 1996
|h Library of Congress classification
|i unmediated -- volume
|m A14820147015
|
| 998 |
f |
f |
|a TP640 .C64 1996
|t 0
|l Evans: Library Stacks
|
| 998 |
f |
f |
|a TP640 .C67 1996
|t 0
|l Galveston Stacks
|